000 00540nam a2200193Ia 4500
005 20240913130032.0
008 240913s9999||||xx |||||||||||||| ||und||
020 _a1-56593-723-9
041 _aENGLISH
082 _A618.9209789 N7
100 _aCLark,Graeme M
245 0 _aCochlear Implantation for Infants and Children Advances
250 _a1st
260 _c1997
_bSingular Publishing Group
500 _aREFERENCE
650 _aAudiology Speech and Language Pathology
_bAllied Health Science
942 _cREF
999 _c246821
_d246821